| 000 | 00836nmm a2200253 a 4500 | ||
|---|---|---|---|
| 001 | 5004464 | ||
| 005 | 20180313081842.0 | ||
| 008 | 971030s1998 cau f b eng | ||
| 010 | _a 97803191 | ||
| 020 | _a0070276447 | ||
| 020 | _a0075611198 (adhesive label affixed to container) | ||
| 040 |
_aDLC _cDLC |
||
| 041 | _aeng | ||
| 080 | _a658.8 WEI | ||
| 082 | 1 | 0 |
_a658.8 WEI _213 |
| 100 | _a54 | ||
| 101 | _aMAN | ||
| 245 | 1 | 0 |
_aGoldMine contact management software _cby GoldMine Software Corporation. |
| 246 | 1 |
_iTitle on container: _aGoldMine software |
|
| 256 | _aComputer program. | ||
| 906 |
_a7 _bcbc _corignew _du _encip _f19 _gy-gencompf |
||
| 942 |
_2ddc _cBK |
||
| 999 |
_c44891 _d44891 |
||